00240nam a2200097 a 450000500170000000800410001705000230005810000170008124500250009825000190012320140414132119.0111122s19uu xx 00 eng d aM 551.46bW46 1995 aWells, Susan aOceans of the world. aHorus editions